000 00727nam a2200217 i 4500
001 23963
003 ES-MaACL
005 20250817062547.0
007 t|
008 021213s1981 sp ||||1| spa d
100 1 _aAmigo Espada, Lorenzo.
_921240
245 1 3 _aEl léxico del Pentateuco de Constantinopla y la Biblia Medieval Romanceada Judeoespañola /
_cLorenzo Amigo Espada.
260 _aMadrid :
_bFundación Juan March,
_c[1981]
300 _a52 p. ;
_c21 cm.
490 1 _aSerie universitaria
630 0 4 _aBiblia.
_pA.T.-
_xTraducciones al español.
_9153396
710 2 _aFundación Juan March
_94346
830 0 _aSerie universitaria
_9180747
852 _aES-MaACL
_j2120-F-1
_bR.102025
999 _c23963
_d23963